| 000 | 01262cam a2200277 4500 | ||
|---|---|---|---|
| 008 | 090401t1975 xxu||||| |||| 00| 0 eng d | ||
| 020 | _a0372016588 | ||
| 035 | _a(Sirsi) u52017 | ||
| 041 | _aeng | ||
| 050 | _a711.1 | ||
| 110 |
_aLaw Society of England and Wales _91639 |
||
| 245 | 4 | _aThe new law of the land: papers from a conference organised by the Law Society, the Bar Council and the Royal Institution of Chartered Surveyors. | |
| 260 |
_aLondon _bHFL (Publishers) Ltd. _c1975 |
||
| 300 | _a69p. ; 25cm. | ||
| 350 | _a2.8 | ||
| 520 | _aPapers:- Legislative changes in land control/ HEAP, DESMOND - The local authority`s role/ BOYNTON, JOHN K. - The job to be done by local government/ SMART, ARTHUR D.G. - The landowners` role/ JAMES, JOHN N.C. - The developer`s role/ BRACKETT, FREDERICK J.H. - Reflections/ CROWE, SYLVIA - Changes in planning law/ HYDE, GORDON B. - Planning procedure changes: the Dobry Committee report/ DOBRY, GEORGE L.S. | ||
| 650 | _aCOMMUNITY LAND BILL | ||
| 650 | _aDEVELOPMENT LAND TAX | ||
| 650 | _aDEVELOPMENT VALUE | ||
| 650 | _aTAXATION | ||
| 690 | _aTAXATION | ||
| 710 |
_aGeneral Council of the Bar _9691 |
||
| 710 |
_aRoyal Institution of Chartered Surveyors _94900 |
||
| 942 | _n0 | ||
| 948 | _c04/03/1997 | ||
| 999 |
_c92983 _d92983 |
||